000 00471nam a2200181Ia 4500
001 11280
005 20260306161934.0
008 260306t2013||||xx |||||||||||||| ||spa||
041 _aESP
082 _a985.02
_bS22
100 _aSánchez-Concha Barrios, Rafael
_eAUT
245 0 _aDel régimen hispánico. Estudios sobre la conquista y el orden virreinal peruano
260 _c2013
300 _a
_c
650 _aGEN
654 _aCHU
942 _cLIB
_dJUS
_fJUS
_2ddc
_n
999 _c11280
_d11280